Origanizational and Institutional Aspects of Indian Religion (Record no. 14404)

MARC details
000 -LEADER
fixed length control field 00614nam a2200229 a 4500
020 ## - INTERNATIONAL STANDARD BOOK NUMBER
ISBN 8185952620
082 00 - DEWEY DECIMAL CLASSIFICATION NUMBER
Classification number 294.55
Author Cutter OCO
100 ## - MAIN ENTRY--AUTHOR NAME
Author name Oconnell, Joseph T
245 ## - TITLE STATEMENT
Title Origanizational and Institutional Aspects of Indian Religion
260 ## - PUBLICATION, DISTRIBUTION, ETC. (IMPRINT)
Place of publication Shimla
Name of publisher Indian Institute
Year of publication 1999
300 ## - PHYSICAL DESCRIPTION
Number of Pages 292p
500 ## - GENERAL NOTE
General note includes index and biblioraphy
650 ## - SUBJECT ADDED ENTRY--TOPICAL TERM
Topical Term Religious Movement-India
942 ## - ADDED ENTRY ELEMENTS (KOHA)
Koha item type Books
700 1# -
-- Oconnell, Joseph T
Holdings
Collection code Home library Current library Date acquired Cost, normal purchase price Full call number Accession Number Koha item type
  Henry Martyn Institute Library Henry Martyn Institute Library 02/20/2008 500.00 294.55 OCO 021790 Books
                   Copyright © 2026 | Henry Martyn Institute | Hyderabad | TS-500052 | INDIA | Implemented by hmi.edu.in
Hit-Count:

Powered by Koha